Normal view MARC view
  • Khan, GC Obaid Ullah (TE-48)

Entry Personal Name

Number of records used in: 1

001 - CONTROL NUMBER

  • control field: 132447

003 - CONTROL NUMBER IDENTIFIER

  • control field: NUST

005 - DATE AND TIME OF LATEST TRANSACTION

  • control field: 20251218134254.0

008 - FIXED-LENGTH DATA ELEMENTS

  • fixed length control field: 251218|| aca||aabn | a|a d

040 ## - CATALOGING SOURCE

  • Original cataloging agency: NUST
  • Transcribing agency: NUST

100 ## - HEADING--PERSONAL NAME

  • Personal name: Khan, GC Obaid Ullah (TE-48)

670 ## - SOURCE DATA FOUND

  • Source citation: Work cat.: (NUST)217237: Khan, GC Obaid Ullah (TE-48) , FPGA Based Visual Object Tracking /, May 2015
© 2023 Central Library, National University of Sciences and Technology. All Rights Reserved.